Statistics for Movie Titles in Portuguese Quiz

Click here to take the quiz!

General Stats

  • This quiz has been taken 20 times
  • The average score is 8 of 20

Answer Stats

YearPortugueseEnglish% Correct
1977Guerra nas EstrelasStar Wars
100%
1999Clube de CombateFight Club
88%
1986A MoscaThe Fly
69%
1972O Poderoso ChefãoThe Godfather
69%
2002Cidade de DeusCity of God
63%
1939E Tudo o Vento LevouGone with the Wind
50%
1984O Exterminador ImplacávelThe Terminator
44%
1990Esqueceram de MimHome Alone
38%
2001Onze Homens e Um SegredoOcean's Eleven
38%
2010Meu Malvado FavoritoDespicable Me
31%
1991Meu Primeiro AmorMy Girl
25%
1992Mudança de HábitoSister Act
25%
2001A Viagem de ChihiroSpirited Away
25%
1999À Espera de um MilagreThe Green Mile
25%
2000As PanterasCharlie's Angels
19%
1961Boneca de LuxoBreakfast at Tiffany's
13%
2000Todo Mundo em PânicoScary Movie
13%
1994Um Sonho de LiberdadeThe Shawshank Redemption
13%
2003Encontros e DesencontrosLost in Translation
6%
1998Encontro MarcadoMeet Joe Black
6%

Score Distribution

Percentile by Number Answered

Percent of People with Each Score

Your Score History

You have not taken this quiz